[Event "Loura Honra"]
[Site "Bobadela"]
[Date "2005.12.18"]
[Round "2"]
[White "Barreiros, Cilauro Neves"]
[Black "Leite, Filipe Gabriel Alme"]
[Result "0-1"]
[WhiteElo "1731"]
[BlackElo "1952"]
[PlyCount "138"]
[EventDate "2005.12.17"]
[EventType "tourn"]
[EventRounds "7"]
[EventCountry "POR"]
[SourceTitle "EXT 2007"]
[Source "ChessBase"]
[SourceDate "2006.11.23"]
[SourceVersion "1"]
[SourceVersionDate "2006.11.23"]
[SourceQuality "1"]

1. e4 e5 2. Nf3 d6 3. Nc3 g6 4. Be2 Bg7 5. 0-0 Ne7 6. d3 0-0 7. Ne1 Be6 8. f4 f5 9. Nf3 Nbc6 10. Ng5 Bc8 11. h4 h6 12. Nh3 Nd4 13. h5 Nxe2+ 14. Qxe2 Qe8 15. hxg6 Qxg6 16. Rf3 Kh7 17. Be3 fxe4 18. dxe4 Bg4 19. f5 Qh5 20. Raf1 Bxf3 21. Rxf3 Bf6 22. Nf2 Bg5 23. g4 Qf7 24. Bxg5 hxg5 25. Nh3 Qf6 26. Qh2 Kg7 27. Ne2 Qh6 28. Ng3 Ng8 29. Nh5+ Kf7 30. Qd2 Ke7 31. Qxg5+ Qxg5 32. Nxg5 Nf6 33. Nxf6 Rxf6 34. Nh3 Rh6 35. g5 Rh5 36. Rg3 Rg8 37. g6 d5 38. Nf2 dxe4 39. Nxe4 Rxf5 40. Rg2 Rf4 41. Nc3 c6 42. b3 Kf6 43. Ne2 Rxg6 44. Nxf4 exf4 45. Rxg6+ Kxg6 46. Kf2 Kf5 47. Kf3 Ke5 48. c3 b6 49. b4 Kf5 50. a4 a6 51. c4 Ke5 52. b5 cxb5 53. axb5 a5 54. c5 bxc5 55. b6 Kd6 56. Kxf4 Kc6 57. Ke4 Kxb6 58. Kd3 Kb5 59. Kc3 a4 60. Kb2 Kc4 61. Ka3 Kd3 62. Kxa4 c4 63. Ka3 c3 64. Kb4 c2 65. Kb5 c1Q 66. Kb4 Qc4+ 67. Ka5 Qb3 68. Ka6 Kc4 69. Ka7 Kc5 0-1